The Seventeenth Century Background : (Record no. 20568)
[ view plain ]
| 000 -LEADER | |
|---|---|
| fixed length control field | 00900nam a2200241Ia 4500 |
| 008 - FIXED-LENGTH DATA ELEMENTS--GENERAL INFORMATION | |
| fixed length control field | 210303s9999 xx 000 0 und d |
| 016 ## - NATIONAL BIBLIOGRAPHIC AGENCY CONTROL NUMBER | |
| Source | reto2022b |
| 040 ## - CATALOGING SOURCE | |
| Original cataloging agency | NLN |
| Language of cataloging | English |
| 100 ## - MAIN ENTRY--AUTHOR | |
| Author | WILLEY, Basil |
| Dates associated with a name | 1897 |
| Relator term | aut |
| 245 #4 - TITLE STATEMENT | |
| Title | The Seventeenth Century Background : |
| Remainder of title | studies in the Thought of the Age in Relation to Poetry and Religion / |
| Statement of responsibility, etc | Basil Willey |
| 260 ## - PUBLICATION, DISTRIBUTION, ETC. (IMPRINT) | |
| Place of publication | London : |
| Name of publisher | Chatto and Windus, |
| Date of publication | 1957 |
| 300 ## - COLLATION | |
| Pagination | 315p. |
| Other physical details | ; 23cm |
| 500 ## - GENERAL NOTE | |
| General note | bibliographical footnotes |
| 563 ## - BINDING INFORMATION | |
| Binding note | (pbk) |
| 650 ## - TRACINGS | |
| Main Subject | English poetry |
| Subdivision (1st) | Early modern (to 1700) |
| Subdivision (2nd) | hist. & crit. |
| 650 ## - TRACINGS | |
| Main Subject | Religious thought |
| Subdivision (1st) | 17th century |
| 650 ## - TRACINGS | |
| Main Subject | Theology, Doctrinal |
| Subdivision (1st) | History |
| Subdivision (2nd) | Great Britain |
| 650 ## - TRACINGS | |
| Main Subject | Philosophy, Modern |
| Subdivision (1st) | History |
| 650 ## - TRACINGS | |
| Main Subject | English poetry |
| Subdivision (1st) | Early modern, 1500-1700 |
| Subdivision (2nd) | History and criticism |
| 942 ## - ADDED ENTRY ELEMENTS (KOHA) | |
| Item type | Books |
| 050 ## - LIBRARY OF CONGRESS CALL NUMBER | |
| Classification number | B1131 |
| Item number | .W5 |
| 082 ## - DEWEY DECIMAL CLASSIFICATION NUMBER | |
| Classification number | 192 |
| Withdrawn status | Lost status | Source of classification or shelving scheme | Damaged status | Not for loan | Home library | Current library | Date acquired | Total Checkouts | Full call number | Barcode. | Date last seen | Price effective from | Koha item type |
|---|---|---|---|---|---|---|---|---|---|---|---|---|---|
| Library of Congress Classification | LAGOS BRANCH | National Library of Nigeria | 04/03/2021 | B1131 .W5 | 2024-555555551000831 | 04/03/2021 | 04/03/2021 | Books |
